| 000 | 01112nam0a2200265 4500 | ||
|---|---|---|---|
| 001 | RU\NLR\b_ik\137774 | ||
| 005 | 20250616225733.0 | ||
| 010 |
_a5-98821-004-X _9500 |
||
| 035 | _a(NLR Aleph) 002211019 | ||
| 090 |
_a3169298 _c3169298 |
||
| 100 | _a20051116d2005 |||y0rusy50 ca | ||
| 101 | 0 |
_aeng _arus |
|
| 102 | _aRU | ||
| 105 | _ay ||||||||| | ||
| 200 | 1 |
_aReader for beginners _e[учебно-методическое пособие] _fL. Voskresenskaya _gМ-во образования и науки Рос. Федерации, Волгогр. гос. ун-т, Каф. англ. яз. |
|
| 210 |
_aВолгоград _cЛицей _d2005 |
||
| 215 |
_a74 с. _d20 |
||
| 300 | _aВ вып. дан. авт.: Лариса Федоровна Воскресенская | ||
| 606 | 1 |
_aАнглийский язык _jУчебные издания для высших учебных заведений _9972309 _3RU\NLR\AUTH\6646032 |
|
| 686 | 4 | _aШ143.21-93рус3 | |
| 700 | 1 |
_aVoskresenskaja _bL. F. _gLarisa Fedorovna _4070 |
|
| 801 | 0 |
_aRU _bNLR _c20051116 _gPSBO |
|
| 942 | _cBOOK | ||
| 980 | _aNB | ||